Wonders and the order of nature, 1150-1750

Saved in:
Bibliographic Details
Main Author: Daston, Lorraine 1951-
Other Authors: Park, Katharine 1950-
Format: Book
Language:English
Published: New York : Zone Books, 1998
Subjects:
Tags: Add Tag
No Tags, Be the first to tag this record!

MARC

LEADER 00000nam a2200000 i 4500
001 1/66106
008 071205s1998 eng d
020 |a 0-942299-90-6 
035 |l 10092827 
040 |a GR-MY-UA  |b gre  |e aacr 
041 0 |a eng 
082 0 |a 306.42  |2 (22) 
100 1 |a Daston, Lorraine  |d 1951- 
245 1 0 |a Wonders and the order of nature, 1150-1750 /  |c Lorraine Daston, Katharine Park 
260 |a New York :   |b Zone Books,   |c 1998 
300 |a 511 σ.;  |b εικ.;  |c 29 εκ. 
504 |a Βιβλιογραφία: σ. (451-497). Ευρετήριο 
650 0 0 |a Science, Medieval. 
650 0 0 |a Science  |x Historiography  |y 18th century. 
650 0 0 |a Science  |x Philosophy  |x History. 
700 1 |a Park, Katharine  |d 1950- 
852 |a INST  |b SYROS  |e 20071205  |h 306.42 DAS  |p 005500006819  |q 005500006819  |t BK  |y 0 
901 |a BIBL5-2007-3 
909 |a Ε  |b 140646 
922 |a 5ΕΛΗ  |b 200711  |c ΕΠΕΑΕΚ2/ΤΜΣΠΣ  |d ΕΛΕΥΘΕΡΟΥΔΑΚΗΣ 
970 |a ΚΟΝΤΟΥ  |b ΠΑΡΑΣΚΕΥΗ  |z 2007/12/05